Guess the One Direction song with no hints #21 - Statistics

General Stats
  • This quiz has been taken 63 times
  • The average score is 292 of 358
Answer Stats
Answer % Correct
a
100%
I
100%
do
98%
ya
98%
You
98%
you
98%
be
93%
don't
93%
is
93%
me
93%
to
93%
To
93%
we
93%
we?
93%
We
93%
And
90%
and
90%
can
90%
go,
90%
go
90%
know
90%
know?
90%
on
90%
this
90%
This
90%
in
88%
my
88%
No,
88%
So
88%
so
88%
That
88%
the
88%
The
88%
ever
86%
I'm
86%
it
86%
it,
86%
let
86%
what
86%
make
83%
were
83%
going
81%
has
81%
of
81%
could
79%
got
79%
just
79%
Now
79%
But
76%
not
76%
(Oh)
76%
out
76%
out,
76%
seen
76%
they
76%
all
74%
All
74%
Baby,
74%
more
74%
some
74%
Thought
74%
thought
74%
Aren't
71%
Cause
71%
end,
71%
end
71%
history
71%
wanna
71%
whole
71%
world
71%
alive
69%
feelin'
69%
forever
69%
greatest
69%
leave
69%
lot
69%
mind
69%
strong
69%
way
69%
cars
67%
find
67%
gotta
67%
help
67%
holdin'
67%
Hotel
67%
live
67%
losing
67%
new
67%
school
67%
team
67%
heart's
64%
rooms
64%
behind
62%
fights
62%
tattoos
62%
teach
62%
always
60%
good
60%
here,
60%
breakin'
57%
champagne
57%
expensive
57%
getting
57%
lie
57%
life
57%
without
55%
mean
52%
Minibars,
52%
planes
52%
realise
52%
truth
52%
anything
50%
Keep
50%
private
50%
rumours
50%
No matching quizzes found
Score Distribution
Percent of People with Each Score
Percentile by Number Answered
Your Score History
You have not taken this quiz